Para tí. Lengua

Gespeichert in:
Bibliographische Detailangaben
1. Verfasser: Noriega Álvarez, Juan Autor
Weitere Verfasser: Rivas Navarro, Manuel Autor
Format: keine Angabe
Sprache:Spanisch
Erschienen: 1-Burgos,España Santiago Rodríguez SA 1974
Ausgabe:
Katalog:MANES:  Suchergebnis im Bibliothekskatalog
Schulbuchspezifische Eigenschaften:
Tags: Tag hinzufügen
Keine Tags, Fügen Sie den ersten Tag hinzu!
Hinzugefügt zu:26.04.2016
Geändert in:20.11.2024

MARC

LEADER 000000000a22000000004500
001 19864
003 OSt
005 20241121020154.0
008 160427s sp ||||| |||| 00| 0 spa d
041 1 |a spa 
040 |c centro_manes 
691 7 |a PRI 
100 1 |a Noriega Álvarez, Juan  |b Autor  |9 14138 
700 1 |a Rivas Navarro, Manuel  |b Autor  |9 14139 
245 0 0 |a Para tí. Lengua 
250 |a 1ª 
260 3 |a 1-Burgos,España  |b Santiago Rodríguez SA  |c 1974 
300 |a 286 p.  |c 18 x 25 cm. 
500 |a nivel: Libro para 8º de la EGB. 
690 0 |a LEN 
942 |2 ddc  |c BK 
546 |a España 
999 |c 25832  |d 25832 
999 |c manes:25832  |d 25832